[Event "CZE-ch Betsys Online Blitz"]
[Site "Chess.com INT"]
[Date "2021.04.17"]
[Round "11"]
[White "Jirka, Jiri"]
[Black "Horak, Jan"]
[Result "0-1"]
[WhiteElo "2392"]
[BlackElo "2072"]
[PlyCount "102"]
[EventDate "2021.04.17"]
[EventType "swiss (blitz)"]
[EventRounds "13"]
[EventCountry "CZE"]
[SourceTitle "CBM 201 Extra"]
[Source "ChessBase"]
[SourceDate "2021.05.31"]
[SourceVersion "1"]
[SourceVersionDate "2021.05.31"]
[SourceQuality "1"]

1. d4 Nf6 2. c4 c5 3. d5 b5 4. cxb5 a6 5. bxa6 e6 6. Nc3 exd5 7. Nxd5 Be7 8. g3 0-0 9. Bg2 Rxa6 10. Nf3 Nxd5 11. Qxd5 Rd6 12. Qb3 Rb6 13. Qc2 Nc6 14. 0-0 d5 15. Bf4 Ba6 16. b3 Nb4 17. Qd2 Bf6 18. Rac1 c4 19. Be5 cxb3 20. axb3 Re8 21. Bd4 Rb7 22. Bxf6 Qxf6 23. Nd4 Qb6 24. Rfe1 Rbe7 25. Bf3 h6 26. Rc3 Bb7 27. e3 Nc6 28. Nxc6 Bxc6 29. Rec1 Bb7 30. Qd4 Qxd4 31. exd4 Re1+ 32. Rxe1 Rxe1+ 33. Kg2 Rb1 34. h4 Kf8 35. Be2 Ke8 36. Kf3 Kd8 37. Ke3 Rb2 38. Bd3 f6 39. Bc2 Kd7 40. Kd2 Ra2 41. b4 Ra8 42. Rc5 Re8 43. Bb3 Kd6 44. b5 Re4 45. Kd3 Re1 46. b6 Rb1 47. Kc2 Rf1 48. Rc7 Ba6 49. Kc3 Rxf2 50. Rxg7 Rf3+ 51. Kb4 Kc6 0-1

[Event "CZE-ch Betsys Online Blitz"]
[Site "Chess.com INT"]
[Date "2021.04.17"]
[Round "9"]
[White "Karasek, Lukas"]
[Black "Jirka, Jiri"]
[Result "1-0"]
[WhiteElo "2280"]
[BlackElo "2392"]
[PlyCount "95"]
[EventDate "2021.04.17"]
[EventType "swiss (blitz)"]
[EventRounds "13"]
[EventCountry "CZE"]
[SourceTitle "CBM 201 Extra"]
[Source "ChessBase"]
[SourceDate "2021.05.31"]
[SourceVersion "1"]
[SourceVersionDate "2021.05.31"]
[SourceQuality "1"]

1. Nf3 d5 2. g3 Nf6 3. Bg2 c6 4. 0-0 Bf5 5. d3 e6 6. Nbd2 h6 7. c4 Nbd7 8. b3 Bd6 9. Bb2 Bh7 10. Re1 0-0 11. Qc2 e5 12. e4 d4 13. Rf1 a5 14. a3 Ne8 15. Nh4 Nc7 16. Bh3 Ne6 17. Ndf3 Bc7 18. Nf5 Bxf5 19. Bxf5 g6 20. Bh3 Kg7 21. b4 Qe7 22. c5 f5 23. exf5 gxf5 24. Rae1 Qf6 25. Nh4 Qg5 26. Kh1 Rf6 27. f4 exf4 28. Rxe6 Rxe6 29. Nxf5+ Kh8 30. Nxd4 Re5 31. Nf3 Qh5 32. Bxd7 fxg3 33. Nxe5 Bxe5 34. Rf5 g2+ 35. Qxg2 Qd1+ 36. Rf1 Qh5 37. Bxe5+ Qxe5 38. Qe4 Qxe4+ 39. dxe4 axb4 40. axb4 Rd8 41. Rf7 Kg8 42. Re7 Kf8 43. Rh7 Ra8 44. Bf5 Ra1+ 45. Kg2 Ra7 46. Kg3 Ra3+ 47. Kf4 Ra7 48. Ke5 1-0

[Event "CZE-ch Betsys Online Blitz"]
[Site "Chess.com INT"]
[Date "2021.04.17"]
[Round "3"]
[White "Ringel, Zbynek"]
[Black "Jirka, Jiri"]
[Result "0-1"]
[WhiteElo "2255"]
[BlackElo "2392"]
[PlyCount "64"]
[EventDate "2021.04.17"]
[EventType "swiss (blitz)"]
[EventRounds "13"]
[EventCountry "CZE"]
[SourceTitle "CBM 201 Extra"]
[Source "ChessBase"]
[SourceDate "2021.05.31"]
[SourceVersion "1"]
[SourceVersionDate "2021.05.31"]
[SourceQuality "1"]

1. e4 e5 2. Nf3 Nc6 3. Bb5 a6 4. Ba4 Nge7 5. 0-0 g6 6. c3 Bg7 7. d4 exd4 8. cxd4 0-0 9. Nc3 b5 10. Bb3 Na5 11. Bc2 d6 12. h3 c5 13. Bg5 h6 14. Bh4 g5 15. Bg3 Nc4 16. b3 Na3 17. Rc1 f5 18. exf5 Nxc2 19. Rxc2 Bxf5 20. Rd2 d5 21. Be5 c4 22. bxc4 dxc4 23. Bxg7 Kxg7 24. Ne5 Ng6 25. Re1 b4 26. Ne4 c3 27. Rd3 Qb6 28. Nc5 Bxd3 29. Qxd3 Nxe5 30. Rxe5 Rae8 31. Rd5 Qg6 32. Qc4 Rf7 0-1

[Event "CZE-ch blitz"]
[Site "Prague"]
[Date "2019.12.21"]
[Round "11"]
[White "Jirka, Jiri"]
[Black "Rasik, Vitezslav"]
[Result "1/2-1/2"]
[WhiteElo "2399"]
[BlackElo "2476"]
[PlyCount "40"]
[EventDate "2019.12.21"]
[EventType "swiss (blitz)"]
[EventRounds "15"]
[EventCountry "CZE"]
[SourceTitle "CBM 193 Extra"]
[Source "ChessBase"]
[SourceDate "2020.01.31"]
[SourceVersion "1"]
[SourceVersionDate "2020.01.31"]
[SourceQuality "1"]

1. d4 d6 2. Nf3 g6 3. g3 Bg7 4. Bg2 Nf6 5. c4 0-0 6. Nc3 Nc6 7. d5 Na5 8. b3 c5 9. Bb2 a6 10. 0-0 Rb8 11. Nd2 b5 12. Qc2 e5 13. Rae1 h5 14. Nd1 h4 15. Bc3 Nh5 16. e4 f5 17. exf5 gxf5 18. Bf3 Nf6 19. Ne3 Nh7 20. Ng2 h3 1/2-1/2

[Event "Pardubice op rapid 30th"]
[Site "Pardubice"]
[Date "2019.07.17"]
[Round "1"]
[White "Taranik, Olexiy"]
[Black "Jirka, Jiri"]
[Result "0-1"]
[WhiteElo "2124"]
[BlackElo "2407"]
[PlyCount "44"]
[EventDate "2019.07.17"]
[EventType "swiss (rapid)"]
[EventRounds "9"]
[EventCountry "CZE"]
[SourceTitle "CBM 191 Extra"]
[Source "ChessBase"]
[SourceDate "2019.09.30"]
[SourceVersion "1"]
[SourceVersionDate "2019.09.30"]
[SourceQuality "1"]

1. e4 e5 2. Nf3 Nc6 3. Nc3 Nf6 4. Bb5 Bc5 5. 0-0 Nd4 6. Ba4 0-0 7. d3 c6 8. Bb3 a5 9. Nxe5 d6 10. Nxf7 Rxf7 11. Bxf7+ Kxf7 12. h3 Kg8 13. Be3 d5 14. Bg5 Be6 15. Re1 Qf8 16. exd5 Nxd5 17. Ne4 Bb6 18. c3 Nf5 19. c4 Nb4 20. a3 Na6 21. Be3 Nxe3 22. fxe3 Re8 0-1

[Event "CZE-chT2A 1819"]
[Site "Czech Republic"]
[Date "2019.02.24"]
[Round "9.1"]
[White "Biolek, Richard Jr"]
[Black "Jirka, Jiri"]
[Result "1/2-1/2"]
[WhiteElo "2455"]
[BlackElo "2410"]
[PlyCount "33"]
[EventDate "2018.10.14"]
[EventType "team-tourn"]
[EventRounds "11"]
[EventCountry "CZE"]
[SourceTitle "EXT 2022"]
[Source "ChessBase"]
[SourceDate "2021.10.06"]
[SourceVersion "1"]
[SourceVersionDate "2021.10.06"]
[SourceQuality "1"]
[WhiteTeam "Ricany"]
[BlackTeam "Praha Bohemians"]
[WhiteTeamCountry "CZE"]
[BlackTeamCountry "CZE"]

1. d4 d5 2. c4 c6 3. Nf3 Nf6 4. Nc3 a6 5. e3 b5 6. c5 Nbd7 7. a3 a5 8. Qc2 g6 9. e4 dxe4 10. Nxe4 Bg7 11. a4 b4 12. Bc4 0-0 13. 0-0 Ba6 14. Bxa6 Rxa6 15. Ned2 Nd5 16. Nc4 Nc7 17. Bf4 1/2-1/2

[Event "CZE-chT1W 1718"]
[Site "Czech Republic"]
[Date "2018.02.18"]
[Round "8.2"]
[White "Jirka, Jiri"]
[Black "Priehoda, Vitezslav"]
[Result "0-1"]
[WhiteElo "2424"]
[BlackElo "2360"]
[PlyCount "146"]
[EventDate "2017.10.29"]
[EventType "team-tourn"]
[EventRounds "11"]
[EventCountry "CZE"]
[SourceTitle "EXT 2019"]
[Source "ChessBase"]
[SourceDate "2018.10.10"]
[SourceVersion "1"]
[SourceVersionDate "2018.10.10"]
[SourceQuality "1"]
[WhiteTeam "Praha Bohemians"]
[BlackTeam "Lysa nad Labem III"]
[WhiteTeamCountry "CZE"]
[BlackTeamCountry "CZE"]

1. d4 d5 2. Nf3 Nf6 3. g3 b5 4. c3 e6 5. Bg5 Bb7 6. Nbd2 Nbd7 7. e3 a6 8. b4 h6 9. Bxf6 gxf6 10. Nb3 Nb6 11. Be2 Nc4 12. 0-0 h5 13. h4 Bd6 14. Ne1 Ke7 15. Ng2 Qg8 16. Nc5 Bc6 17. Bxh5 a5 18. Bf3 axb4 19. cxb4 Ra3 20. Qe2 e5 21. Bg4 Qg6 22. h5 Qg5 23. f4 Qg7 24. Nh4 Nxe3 25. Rf3 Qxg4 26. Rxe3 Qxe2 27. Nf5+ Kf8 28. Rxe2 Rxh5 29. g4 Rh8 30. Nxd6 cxd6 31. Nb3 Rg8 32. Rg2 exf4 33. Rf1 Bd7 34. Rxf4 f5 35. g5 Ra4 36. Rh4 Rxb4 37. Kf2 Rc4 38. Ke3 Rg6 39. Kf4 Re6 40. g6 Re4+ 41. Kg5 f6+ 42. Kh5 Kg7 43. Nd2 Rxh4+ 44. Kxh4 Rxd4+ 45. Kh3 f4+ 46. Kh2 Bf5 47. Nb3 Rd3 48. Rf2 Rh3+ 49. Kg2 Rh4 50. Kf3 Be4+ 51. Ke2 Kxg6 52. Nd4 Rh3 53. Ne6 Kf7 54. Nxf4 Ra3 55. Ke1 f5 56. Rd2 Kf6 57. Nxd5+ Bxd5 58. Rxd5 Rxa2 59. Rxb5 Ke6 60. Rb8 Ke5 61. Rg8 Kd5 62. Rf8 Ke4 63. Re8+ Kf3 64. Re6 Ra6 65. Rg6 f4 66. Rh6 Ke4 67. Re6+ Kd5 68. Re8 Ra4 69. Kf2 Re4 70. Rh8 Kc4 71. Kf3 d5 72. Ra8 Kc3 73. Ra3+ Kb4 0-1

[Event "CZE-chT1W 1718"]
[Site "Czech Republic"]
[Date "2018.01.21"]
[Round "6.3"]
[White "Jirka, Jiri"]
[Black "Svoboda, Vaclav1111"]
[Result "1-0"]
[WhiteElo "2424"]
[BlackElo "2424"]
[PlyCount "285"]
[EventDate "2017.10.29"]
[EventType "team-tourn"]
[EventRounds "11"]
[EventCountry "CZE"]
[SourceTitle "EXT 2019"]
[Source "ChessBase"]
[SourceDate "2018.10.10"]
[SourceVersion "1"]
[SourceVersionDate "2018.10.10"]
[SourceQuality "1"]
[WhiteTeam "Praha Bohemians"]
[BlackTeam "Praha Oaza"]
[WhiteTeamCountry "CZE"]
[BlackTeamCountry "CZE"]

1. d4 d5 2. Nf3 Nf6 3. g3 b5 4. c3 e6 5. Bg5 c5 6. Nbd2 Bb7 7. e4 Qb6 8. Bxf6 gxf6 9. e5 Be7 10. dxc5 Bxc5 11. Qe2 Nd7 12. Nb3 b4 13. exf6 Rc8 14. Nxc5 Qxc5 15. Rc1 Nxf6 16. Qe5 Ke7 17. Nd4 Ne4 18. Bb5 Rhg8 19. Qf4 Rg5 20. Qh4 bxc3 21. bxc3 Qxd4 22. cxd4 Rxc1+ 23. Ke2 Rxh1 24. f4 Nc3+ 25. Kf2 Nxb5 26. fxg5 Ke8 27. Qxh7 Nd6 28. g6 fxg6 29. Kg2 Rc1 30. Qxg6+ Kd7 31. h4 Ba6 32. Qg7+ Kc6 33. Qxa7 Bf1+ 34. Kf3 Rc3+ 35. Kf4 Ne4 36. Qa8+ Kd6 37. Qd8+ Kc6 38. g4 Be2 39. Qe8+ Kd6 40. Qd8+ Kc6 41. h5 Rf3+ 42. Ke5 Nf6 43. Qc8+ Kb5 44. Qc5+ Ka6 45. Qc2 Nxg4+ 46. Kd6 Bb5 47. Qg2 Rf4 48. Qb2 Nf6 49. h6 Ne4+ 50. Ke7 Rh4 51. Qc1 Bc4 52. Kd7 Kb5 53. Qb2+ Ka4 54. a3 Bb3 55. Qc1 Rh2 56. Qf4 Rf2 57. Qxf2 Nxf2 58. h7 Kxa3 59. h8Q Ne4 60. Kxe6 Kb4 61. Ke5 Bc4 62. Qh3 Nc3 63. Qe3 Nb5 64. Qd2+ Kb3 65. Ke6 Nc3 66. Qe3 Kb4 67. Kd6 Nb5+ 68. Kc6 Nc3 69. Qc1 Kb3 70. Kb6 Ne2 71. Qb1+ Kc3 72. Kc5 Kd2 73. Qb2+ Kd3 74. Qa3+ Ke4 75. Qh3 Nf4 76. Qh7+ Ke3 77. Qe7+ Kd3 78. Qe1 Ne2 79. Qf2 Nc3 80. Qf3+ Kd2 81. Kd6 Ne2 82. Ke5 Nc3 83. Qf4+ Kd3 84. Qg3+ Kc2 85. Qg2+ Kd3 86. Qf3+ Kd2 87. Qf5 Ne2 88. Qb1 Nc3 89. Qa1 Ne2 90. Qb2+ Kd3 91. Qa3+ Kd2 92. Qf8 Kd3 93. Qf3+ Kd2 94. Qa3 Nc3 95. Kf4 Ne2+ 96. Kf3 Nxd4+ 97. Kf2 Ne2 98. Qb2+ Kd1 99. Kf3 Nc1 100. Ke3 Nb3 101. Qb1+ Nc1 102. Kd4 Kd2 103. Qb2+ Kd1 104. Ke3 Nb3 105. Qh2 Kc1 106. Qg1+ Kc2 107. Qf2+ Kc3 108. Qf6+ Kc2 109. Kf2 Nd2 110. Qa1 Nb3 111. Qf6 Nd2 112. Ke1 Nb3 113. Qf5+ Kc3 114. Qf6+ Kc2 115. Qf3 Nc1 116. Qf2+ Ne2 117. Qf5+ Kc3 118. Kd1 Nd4 119. Qh3+ Kb4 120. Qe3 Nb3 121. Kc2 Nc5 122. Qe1+ Kb5 123. Kc3 Nd3 124. Qe8+ Kc5 125. Qe7+ Kb5 126. Qa3 Nc5 127. Qb4+ Kc6 128. Qb8 Ne6 129. Qc8+ Kd6 130. Qb8+ Kc6 131. Kb4 Nc7 132. Qc8 Kb6 133. Qd8 Kc6 134. Qf6+ Kb7 135. Ka5 Nb5 136. Qb6+ Kc8 137. Qc6+ Kd8 138. Kb6 Ke7 139. Kc5 Kf7 140. Qh6 Ke7 141. Qg6 Kd7 142. Qf7+ Kd8 143. Kb6 1-0

[Event "CZE-chT 1718"]
[Site "Czech Republic"]
[Date "2018.01.13"]
[Round "5.5"]
[White "Ponizil, Cyril"]
[Black "Jirka, Jiri"]
[Result "1/2-1/2"]
[WhiteElo "2478"]
[BlackElo "2424"]
[PlyCount "127"]
[EventDate "2017.11.18"]
[EventType "team-tourn"]
[EventRounds "11"]
[EventCountry "CZE"]
[SourceTitle "EXT 2019"]
[Source "ChessBase"]
[SourceDate "2018.10.10"]
[SourceVersion "1"]
[SourceVersionDate "2018.10.10"]
[SourceQuality "1"]
[WhiteTeam "Brno Duras"]
[BlackTeam "Unichess"]
[WhiteTeamCountry "CZE"]
[BlackTeamCountry "CZE"]

1. e4 e5 2. Nf3 Nc6 3. Bb5 Nd4 4. Nxd4 exd4 5. 0-0 Bc5 6. c3 Ne7 7. d3 0-0 8. Nd2 c6 9. Ba4 Bb6 10. cxd4 Bxd4 11. Nf3 Bb6 12. d4 d5 13. e5 Bg4 14. Bc2 Ng6 15. Be3 f5 16. Qd3 Bxf3 17. gxf3 Qh4 18. Rfd1 Qh5 19. f4 Nh4 20. h3 Rae8 21. Rdb1 Nf3+ 22. Kg2 Re6 23. Rh1 Nh4+ 24. Kf1 Qf3 25. Rh2 Rg6 26. Bd1 Qe4 27. Qxe4 fxe4 28. Bg4 Nf5 29. Rd1 Re6 30. Rg2 g6 31. Bxf5 Rxf5 32. Ke2 Rh5 33. Rg5 Rxg5 34. fxg5 Re8 35. f4 Kf7 36. h4 Ke6 37. h5 Kf5 38. Rh1 Rc8 39. hxg6 hxg6 40. Rh7 Rc7 41. Rh8 Kg4 42. Kf2 Rd7 43. Kg2 Ba5 44. Rf8 c5 45. dxc5 d4 46. e6 Re7 47. Bxd4 Rxe6 48. Be3 Re7 49. Rf6 Bc7 50. Rxg6 Bxf4 51. Kf2 Be5 52. b3 Rd7 53. Ke2 Kf5 54. Rg8 Rh7 55. Rf8+ Kg6 56. b4 Rh2+ 57. Rf2 Rh1 58. Rf1 Rh2+ 59. Rf2 Rh1 60. c6 bxc6 61. Bxa7 Kxg5 62. Be3+ Kg6 63. a4 Rb1 64. Bd2 1/2-1/2

[Event "CZE-ch blitz"]
[Site "Prague"]
[Date "2017.12.30"]
[Round "12"]
[White "Jirka, Jiri"]
[Black "Jirovsky, Milos"]
[Result "0-1"]
[WhiteElo "2421"]
[BlackElo "2455"]
[PlyCount "104"]
[EventDate "2017.12.30"]
[EventType "swiss (blitz)"]
[EventRounds "15"]
[EventCountry "CZE"]
[SourceTitle "CBM 182 Extra"]
[Source "ChessBase"]
[SourceDate "2018.02.23"]
[SourceVersion "1"]
[SourceVersionDate "2018.02.23"]
[SourceQuality "1"]

1. d4 d5 2. Nf3 Nf6 3. g3 Nbd7 4. Bg2 b5 5. c3 e6 6. a4 b4 7. c4 Bb7 8. a5 dxc4 9. Nbd2 c3 10. bxc3 bxc3 11. Nc4 c5 12. Ba3 Rc8 13. 0-0 Bd5 14. Nfe5 Nxe5 15. Nxe5 Bxg2 16. Kxg2 Qxd4 17. Nd3 Be7 18. e3 Qd5+ 19. f3 Rd8 20. Qa4+ Qd7 21. Qxd7+ Nxd7 22. Rfc1 Bf6 23. Nxc5 Nxc5 24. Bxc5 Rd2+ 25. Kh3 a6 26. Rab1 Rb2 27. Ba3 Rxb1 28. Rxb1 Kd7 29. Rb7+ Kc6 30. Rb6+ Kd5 31. Rxa6 Rb8 32. e4+ Kc4 33. Rc6+ Kb3 34. Bd6 Ra8 35. a6 c2 36. Bf4 g5 37. Bd2 h5 38. Be3 Bd8 39. a7 f5 40. exf5 exf5 41. Bd4 g4+ 42. fxg4 hxg4+ 43. Kg2 Ba5 44. Be3 Bc3 45. Kf1 Re8 46. Bc1 Bd4 47. Rc7 Ra8 48. Ke2 Rxa7 49. Rxa7 Bxa7 50. Kd3 Bg1 51. Bd2 Bxh2 52. Bf4 Bxg3 0-1

[Event "CZE-ch blitz"]
[Site "Prague"]
[Date "2017.12.30"]
[Round "7"]
[White "Jirka, Jiri"]
[Black "Michalik, Peter"]
[Result "1/2-1/2"]
[WhiteElo "2421"]
[BlackElo "2557"]
[PlyCount "96"]
[EventDate "2017.12.30"]
[EventType "swiss (blitz)"]
[EventRounds "15"]
[EventCountry "CZE"]
[SourceTitle "CBM 182 Extra"]
[Source "ChessBase"]
[SourceDate "2018.02.23"]
[SourceVersion "1"]
[SourceVersionDate "2018.02.23"]
[SourceQuality "1"]

1. d4 Nf6 2. c4 e6 3. g3 c5 4. d5 exd5 5. cxd5 d6 6. Nc3 g6 7. Bg2 Bg7 8. Nf3 0-0 9. 0-0 a6 10. a4 Re8 11. Bf4 Bf5 12. Nh4 Bg4 13. h3 Nh5 14. Bc1 Bc8 15. e4 Nd7 16. Nf3 b6 17. Re1 Rb8 18. g4 Nhf6 19. Bf4 Ne5 20. Nxe5 dxe5 21. Be3 h5 22. f3 Nh7 23. Qd2 Bf6 24. gxh5 gxh5 25. Kh2 Kh8 26. Rg1 Rg8 27. f4 exf4 28. Bxf4 Bg5 29. Qf2 Rb7 30. e5 Bxf4+ 31. Qxf4 Qg5 32. Qxg5 Rxg5 33. d6 Rd7 34. Bc6 Rd8 35. Rxg5 Nxg5 36. h4 Ne6 37. Rf1 Nd4 38. Bd5 Be6 39. Bxe6 fxe6 40. Ne4 Nc6 41. Rf6 Nxe5 42. Rxe6 Nf7 43. b3 b5 44. axb5 axb5 45. Kg3 c4 46. bxc4 bxc4 47. Kf4 c3 48. Nxc3 Nxd6 1/2-1/2

[Event "CZE-chT1W 1617"]
[Site "Czech Republic"]
[Date "2017.02.19"]
[Round "8.3"]
[White "Jelinek, Michal"]
[Black "Jirka, Jiri"]
[Result "0-1"]
[WhiteElo "2101"]
[BlackElo "2437"]
[PlyCount "80"]
[EventDate "2016.10.16"]
[EventType "team-tourn"]
[EventRounds "11"]
[EventCountry "CZE"]
[SourceTitle "CBM 177 Extra"]
[Source "ChessBase"]
[SourceDate "2017.04.27"]
[SourceVersion "1"]
[SourceVersionDate "2017.04.27"]
[SourceQuality "1"]
[WhiteTeam "Praha Oaza"]
[BlackTeam "Praha Bohemians"]
[WhiteTeamCountry "CZE"]
[BlackTeamCountry "CZE"]

1. d4 d5 2. c4 c6 3. Nf3 Nf6 4. Nc3 a6 5. e3 b5 6. b3 Bf5 7. Bd3 e6 8. 0-0 Be7 9. Bb2 0-0 10. Rc1 Bxd3 11. Qxd3 Nbd7 12. Ne5 dxc4 13. Qe2 Nxe5 14. dxe5 Nd7 15. bxc4 Qb8 16. f4 Nb6 17. Ne4 Nxc4 18. Rxc4 bxc4 19. Nf6+ Bxf6 20. exf6 g6 21. Be5 Qb4 22. Qg4 Rfd8 23. Qg5 c3 24. Qh6 Qf8 25. Qxf8+ Kxf8 26. Rc1 Rd3 27. Kf2 Rd2+ 28. Kf3 Rxa2 29. Rxc3 Rc8 30. Rb3 Kg8 31. g4 c5 32. h4 c4 33. Rb7 Ra3 34. h5 c3 35. f5 exf5 36. gxf5 gxf5 37. Rb1 c2 38. Rg1+ Kh8 39. Bb2 Ra4 40. e4 Rxe4 0-1

[Event "CZE-chT1W 1617"]
[Site "Czech Republic"]
[Date "2017.02.05"]
[Round "7.4"]
[White "Vybiral, Zdenek"]
[Black "Jirka, Jiri"]
[Result "0-1"]
[WhiteElo "2268"]
[BlackElo "2437"]
[PlyCount "88"]
[EventDate "2016.10.16"]
[EventType "team-tourn"]
[EventRounds "11"]
[EventCountry "CZE"]
[SourceTitle "CBM 177 Extra"]
[Source "ChessBase"]
[SourceDate "2017.04.27"]
[SourceVersion "1"]
[SourceVersionDate "2017.04.27"]
[SourceQuality "1"]
[WhiteTeam "Ceske Budejovice"]
[BlackTeam "Praha Bohemians"]
[WhiteTeamCountry "CZE"]
[BlackTeamCountry "CZE"]

1. e4 e5 2. Nf3 Nc6 3. Bb5 Nd4 4. Nxd4 exd4 5. 0-0 Bc5 6. b4 Bb6 7. c4 c6 8. Ba4 d6 9. d3 Ne7 10. Bg5 f6 11. Bh4 Ng6 12. Bg3 0-0 13. Nd2 c5 14. a3 Ne5 15. Qe2 Bg4 16. f3 Bh5 17. Bf2 g5 18. g4 Bf7 19. Bg3 cxb4 20. f4 gxf4 21. Bxf4 Be6 22. axb4 Bxg4 23. Qg2 Kh8 24. c5 Bc7 25. Bb3 Qd7 26. Qg3 dxc5 27. Kh1 cxb4 28. Rg1 Rg8 29. Bxg8 Rxg8 30. Qh4 Bd8 31. Rg3 h5 32. Rg2 Nxd3 33. Qg3 Nxf4 34. Qxf4 a5 35. Rag1 Qc7 36. Qf2 Qd7 37. Nf3 d3 38. Nd4 Kh7 39. Nf5 d2 40. Qf4 Rg5 41. Rxd2 Qxd2 42. Qxd2 Bf3+ 43. Rg2 Rxg2 44. Qxg2 Bxg2+ 0-1

[Event "CZE-ch blitz"]
[Site "Prague"]
[Date "2016.12.17"]
[Round "7"]
[White "Jirka, Jiri"]
[Black "Rosko, Lubos"]
[Result "1-0"]
[WhiteElo "2431"]
[BlackElo "2357"]
[PlyCount "58"]
[EventDate "2016.12.17"]
[EventType "swiss (blitz)"]
[EventRounds "15"]
[EventCountry "CZE"]
[SourceTitle "CBM 176 Extra"]
[Source "ChessBase"]
[SourceDate "2017.03.02"]
[SourceVersion "1"]
[SourceVersionDate "2017.03.02"]
[SourceQuality "1"]

1. d4 Nf6 2. c4 c5 3. d5 e6 4. Nc3 exd5 5. cxd5 d6 6. Nf3 g6 7. g3 Bg7 8. Bg2 0-0 9. 0-0 Re8 10. h3 Na6 11. Nd2 Nc7 12. Nc4 Rb8 13. Bf4 Bf8 14. a4 b6 15. Nb5 Nxb5 16. axb5 Rb7 17. Re1 Nh5 18. Bd2 Bd7 19. Qb3 Qc8 20. g4 Nf6 21. Bf4 Ne4 22. f3 Nf6 23. Bxd6 Qd8 24. Bxf8 Rxf8 25. e4 Ne8 26. e5 Nc7 27. Nd6 Rb8 28. Rxa7 Ra8 29. Rea1 Rxa7 1-0

[Event "CZE-ch blitz"]
[Site "Prague"]
[Date "2016.12.17"]
[Round "4"]
[White "Kozusek, Daniel"]
[Black "Jirka, Jiri"]
[Result "1-0"]
[WhiteElo "2202"]
[BlackElo "2431"]
[PlyCount "83"]
[EventDate "2016.12.17"]
[EventType "swiss (blitz)"]
[EventRounds "15"]
[EventCountry "CZE"]
[SourceTitle "CBM 176 Extra"]
[Source "ChessBase"]
[SourceDate "2017.03.02"]
[SourceVersion "1"]
[SourceVersionDate "2017.03.02"]
[SourceQuality "1"]

1. Nf3 d5 2. c4 c6 3. d4 Nf6 4. g3 Bf5 5. Qb3 Qb6 6. Bg2 e6 7. 0-0 Nbd7 8. Nc3 Be7 9. h3 0-0 10. c5 Qxb3 11. axb3 a6 12. Bf4 h6 13. g4 Bh7 14. Bg3 Rfe8 15. Nd2 Nf8 16. f4 N6d7 17. b4 f5 18. Nb3 Nf6 19. Bf3 Ne4 20. Bxe4 fxe4 21. Na5 Bf6 22. e3 Re7 23. b5 axb5 24. Nxc6 Ree8 25. Nb4 Ng6 26. Nxb5 Nh4 27. Nc7 Nf3+ 28. Kf2 Rxa1 29. Rxa1 Re7 30. Ra8+ Kf7 31. f5 exf5 32. Ncxd5 Rd7 33. Nb6 Re7 34. N4d5 fxg4 35. Nxe7 Bxe7 36. hxg4 Ke6 37. d5+ Kf6 38. d6 Bg6 39. dxe7 Kxe7 40. Nd5+ Kd7 41. Rb8 Kc6 42. Ne7+ 1-0

[Event "CZE-ch blitz"]
[Site "Prague"]
[Date "2016.12.17"]
[Round "6"]
[White "Vlasak, Lukas"]
[Black "Jirka, Jiri"]
[Result "0-1"]
[WhiteElo "2356"]
[BlackElo "2431"]
[PlyCount "120"]
[EventDate "2016.12.17"]
[EventType "swiss (blitz)"]
[EventRounds "15"]
[EventCountry "CZE"]
[SourceTitle "CBM 176 Extra"]
[Source "ChessBase"]
[SourceDate "2017.03.02"]
[SourceVersion "1"]
[SourceVersionDate "2017.03.02"]
[SourceQuality "1"]

1. e4 e5 2. Nf3 Nc6 3. d4 exd4 4. Nxd4 Nf6 5. Nxc6 bxc6 6. e5 Qe7 7. Qe2 Nd5 8. c4 Ba6 9. b3 0-0-0 10. g3 f6 11. Bb2 fxe5 12. Bg2 e4 13. 0-0 e3 14. Nc3 Nf6 15. fxe3 Qe6 16. Kh1 Bc5 17. e4 Ng4 18. Na4 Bd6 19. e5 Be7 20. Qd2 Bb7 21. Bd4 Rhf8 22. Bxa7 Qxe5 23. Bd4 Qh5 24. Bg1 Bf6 25. Rae1 Rfe8 26. Nc5 Rxe1 27. Rxe1 Nxh2 28. Bxh2 Qxc5 29. Qe3 Qxe3 30. Rxe3 c5 31. Bxb7+ Kxb7 32. Bg1 d6 33. Kg2 Ra8 34. Re2 Kc6 35. Kf3 Kd7 36. Be3 Be5 37. g4 Rf8+ 38. Kg2 Ke6 39. Bf2 Rf4 40. Kh3 Rf3+ 41. Kg2 Rc3 42. a4 Rxb3 43. Ra2 Rb6 44. a5 Ra6 45. Be1 Kd7 46. Kf3 Ke6 47. Ke4 c6 48. Bd2 d5+ 49. cxd5+ cxd5+ 50. Kd3 c4+ 51. Kc2 c3 52. Be1 d4 53. Kd3 Kd5 54. g5 Bc7 55. Bf2 Rxa5 56. Re2 Be5 57. Be1 Ra1 58. Bf2 Rd1+ 59. Kc2 Rh1 60. Kd3 Rh3+ 0-1

[Event "CZE-chT1W 1617"]
[Site "Czech Republic"]
[Date "2016.10.16"]
[Round "1.1"]
[White "Voloshin, Leonid"]
[Black "Jirka, Jiri"]
[Result "1/2-1/2"]
[WhiteElo "2403"]
[BlackElo "2437"]
[PlyCount "78"]
[EventDate "2016.10.16"]
[EventType "team-tourn"]
[EventRounds "11"]
[EventCountry "CZE"]
[SourceTitle "CBM 175 Extra"]
[Source "ChessBase"]
[SourceDate "2016.12.12"]
[SourceVersion "1"]
[SourceVersionDate "2016.12.12"]
[SourceQuality "1"]
[WhiteTeam "Neratovice"]
[BlackTeam "Praha Bohemians"]
[WhiteTeamCountry "CZE"]
[BlackTeamCountry "CZE"]

1. Nf3 d5 2. g3 Nf6 3. Bg2 c6 4. 0-0 Bf5 5. d3 h6 6. Nbd2 e6 7. Qe1 Bh7 8. e4 Be7 9. Qe2 0-0 10. Ne5 Na6 11. Nb3 c5 12. Nd2 Qb6 13. Ng4 Rfd8 14. Nxf6+ Bxf6 15. c3 Nc7 16. Re1 Rd7 17. h4 Rad8 18. e5 Be7 19. Nf3 Qa6 20. Bf1 b5 21. Bf4 d4 22. cxd4 Nd5 23. Bd2 cxd4 24. Rec1 Nb6 25. Rc2 Na4 26. Rac1 b4 27. g4 Qb5 28. g5 h5 29. Ne1 Bg6 30. Bg2 Nc5 31. Rc4 a5 32. Bf3 Rd5 33. Bxd5 Rxd5 34. Bf4 Bf8 35. Bg3 b3 36. a3 Rd8 37. Kh2 Rd5 38. Kg1 Rd8 39. Kh2 Rd5 1/2-1/2

[Event "CZE-chT 1617"]
[Site "Czech Republic"]
[Date "2016.10.08"]
[Round "1.3"]
[White "Roubalik, Jakub"]
[Black "Jirka, Jiri"]
[Result "1/2-1/2"]
[WhiteElo "2400"]
[BlackElo "2437"]
[PlyCount "144"]
[EventDate "2016.10.08"]
[EventType "team-tourn"]
[EventRounds "11"]
[EventCountry "CZE"]
[SourceTitle "EXT 2017"]
[Source "ChessBase"]
[SourceDate "2016.10.25"]
[SourceVersion "1"]
[SourceVersionDate "2016.10.25"]
[SourceQuality "1"]
[WhiteTeam "Brno Duras"]
[BlackTeam "Unichess"]
[WhiteTeamCountry "CZE"]
[BlackTeamCountry "CZE"]

1. d4 d5 2. c4 c6 3. Nc3 Nf6 4. Nf3 a6 5. c5 Nbd7 6. Bf4 Nh5 7. Qd2 b6 8. e4 Nxf4 9. Qxf4 e6 10. exd5 cxd5 11. c6 Nf6 12. Bd3 Bd6 13. Ne5 0-0 14. 0-0 Ne8 15. Rac1 Ra7 16. Qe3 f6 17. Nf3 Re7 18. Qe2 Nc7 19. Qc2 g6 20. a4 Kh8 21. Qb3 Ne8 22. Rfe1 g5 23. Nd2 Bc7 24. Nf1 Qd6 25. Na2 e5 26. Nb4 a5 27. Nxd5 Be6 28. Bc4 Bxd5 29. Bxd5 exd4 30. Qc4 Re5 31. Rxe5 fxe5 32. Ng3 Qf6 33. Rf1 Nd6 34. Qd3 Qg6 35. Be4 Nxe4 36. Qxe4 Qxe4 37. Nxe4 h6 38. Rc1 Kg7 39. Kf1 Kf7 40. Ke2 Ke6 41. h3 Kd5 42. f3 Bd6 43. Kd3 Bc5 44. c7 Rc8 45. Re1 Be7 46. Rc1 Bc5 47. Re1 Rxc7 48. Nf6+ Ke6 49. Ng4 Bd6 50. Nxh6 b5 51. axb5 Rc5 52. Ng4 Rxb5 53. Kc2 Bb4 54. Re4 a4 55. Nf2 a3 56. bxa3 Bxa3 57. Nd3 Bd6 58. h4 gxh4 59. Rxh4 Ra5 60. Rh6+ Kd5 61. Rg6 Ra2+ 62. Kd1 Kc4 63. Nc1 Ra6 64. Kc2 Kd5 65. Nd3 Ra2+ 66. Kd1 Ra3 67. Kc2 Rc3+ 68. Kd2 Bc7 69. Rg5 Ra3 70. Nxe5 Bxe5 71. f4 Ra2+ 72. Kd3 Ra3+ 1/2-1/2